000 00874nam a2200253 a 4500
001 000040972
003 DO-SdBNP
005 20250207090455.0
007 ta
008 130912s2012 dr ac r 000 0 spa d
040 _aDO-SdBNP
_bspa
_cBNPHU
_erda
082 4 _a306.097293
_bR426m
_222
110 1 _aRepública Dominicana.
_bMinisterio de Cultura.
_971794
245 1 0 _aMemorias 2004-2012 :
_b8 años de creatividad, pasión y gerencia.
264 1 _aSanto Domingo :
_bMinisterio de Cultura,
_c2012.
300 _a239 páginas :
_bilustraciones, retratos ;
_c28 cm.
336 _atexto
_btxt
_2rdacontent
337 _asin mediación
_bn
_2rdamedia
338 _avolumen
_bnc
_2rdacarrier
590 _aInventariado, 2018/BT
610 1 _aRepública Dominicana.
_bMinisterio de Cultura
_y2004-2012
_986945
910 _aValidado. Control de calidad. MFF
942 _2ddc
_cLBS1
999 _c40462
_d40462